| 000 | 00944cam a22002775a 4500 | ||
|---|---|---|---|
| 999 |
_c20049 _d20021 |
||
| 001 | 016636322 | ||
| 003 | OSt | ||
| 005 | 20201203143618.0 | ||
| 008 | 140221t2014 ii a frb 001 0 eng d | ||
| 020 | _a9789351520092 (pbk.) | ||
| 040 |
_aStDuBDS _beng _cStDuBDS _dUk _dEG-ScBUE |
||
| 082 | 0 | 4 |
_a617.605 _bTEX _222 |
| 245 | 0 | 0 |
_aTextbook of oral and maxillofacial surgery / _ceditor Rajiv M. Borle ; foreword by G. E. Ghali. |
| 260 |
_aNew Delhi : _bJaypee Brothers Medical Publishers, _cc.2014. |
||
| 300 |
_axxiii, 813 p. : _bill. ; _c28 cm. |
||
| 500 | _aIndex : p. 793-813. | ||
| 504 | _aIncludes bibliographical references. | ||
| 650 | 7 |
_aMouth _xSurgery. _2BUEsh _936856 |
|
| 650 | 7 |
_aFace _xSurgery. _2BUEsh _935960 |
|
| 650 | 7 |
_935959 _aMaxilla _xSurgery _2BUEsh |
|
| 651 | _2BUEsh | ||
| 653 |
_cJune2015 _cOctober2015 |
||
| 700 | 1 |
_aBorle, Rajiv Mukund, _eeditor. |
|
| 700 | 1 |
_aGhali, G. E., _eauthor of introduction, etc. |
|
| 942 | _2ddc | ||